<?xml version="1.0" encoding="UTF-8"?>
<collection xmlns="http://www.loc.gov/MARC21/slim">
  <record>
    <leader>00000nam  2200000   4500</leader>
    <controlfield tag="001">INLIS000000000020191</controlfield>
    <controlfield tag="005">20250526113102</controlfield>
    <datafield tag="035" ind1="#" ind2="#">
      <subfield code="a">0010-0525000274</subfield>
    </datafield>
    <controlfield tag="007">ta</controlfield>
    <controlfield tag="008">250526################|##########|#|##</controlfield>
    <datafield tag="084" ind1="#" ind2="#">
      <subfield code="a">R 0118 PKN II 2024</subfield>
    </datafield>
    <datafield tag="100" ind1=" " ind2="#">
      <subfield code="a">Evi Savitri</subfield>
    </datafield>
    <datafield tag="245" ind1="1" ind2="#">
      <subfield code="a">Veteran Star Integration Akselerasi Penerapan Manajemen Veteran RI Di Kemenhan /</subfield>
      <subfield code="c">Evi Savitri</subfield>
    </datafield>
    <datafield tag="250" ind1="#" ind2="#">
      <subfield code="a">1</subfield>
    </datafield>
    <datafield tag="260" ind1="#" ind2="#">
      <subfield code="a">Jakarta :</subfield>
      <subfield code="b">Pusbangkom Pimnas,</subfield>
      <subfield code="c">2024</subfield>
    </datafield>
    <datafield tag="300" ind1="#" ind2="#">
      <subfield code="a">80 :</subfield>
      <subfield code="b">ilus ;</subfield>
      <subfield code="c">29 x 21 x 0,5</subfield>
    </datafield>
    <datafield tag="650" ind1="#" ind2="4">
      <subfield code="a">Manajemen</subfield>
    </datafield>
    <datafield tag="520" ind1="#" ind2="#">
      <subfield code="a">Namun seiring berjalannya waktu terdapat permasalahan manajemen keveteranan RI yang dimulai dari pendataan calon yang harus diberi gelar Veteran sampai dengan penghargaan dari negara yang menjadi hak bagi Veteran RI. Hal ini dapat dibuktikan dengan adanya pengaduan dari masyarakat bahwa terdapat sekitar 2.833 orang Veteran palsu Operasi Seroja sehingga pemberian hak sebagai Veteran RI tidak tepat sasaran yang berakibat pada kerugian negara.&#13;
Dalam rangka meningkatkan pelayanan dan kesejahteraan para veteran Republik Indonesia (RI), terutama dalam hal manajemen dan administrasi, perlu dilakukan proyek perubahan yang mengintegrasikan sistem informasi yang sangat penting dan strategis agar dapat menentukan kebijakan dalam pengambilan keputusan serta meningkatkan kinerja pemerintah.&#13;
Gagasan utama proyek perubahan ini akan dilakukan integrasi berbagai sistem informasi yang terkait dengan manajemen Veteran ReI yang dimulai dari Pendaftaran, Verifikasi, Penetapan, Administrasi Veteran dan kesejahteraan Veteran. Tujuan proyek perubahan ini adalah untuk memudahkan dan memperbaiki pengelolaan administrasi Veteran RI secara lebih efisien dan efektif dalam bentuk Veteran Star Integration.</subfield>
    </datafield>
    <datafield tag="856" ind1="#" ind2="#">
      <subfield code="a">Perpustakaan Pusat LAN</subfield>
    </datafield>
    <datafield tag="990" ind1="#" ind2="#">
      <subfield code="a">2024/1.2,2/A/0118</subfield>
    </datafield>
  </record>
</collection>
